00430nam a2200121 a 450000100100000000500170001000800410002704000250006808200140009324501030010726000720021030000260028200004829920201002061044.0181214s2010 dr a r 000 spa d aDO-SdBNPbspacBNPHU axxxbD611 0aDiscurso del Sr. Gobernador Lic. Héctor Valdez Albizu en el LXIII aniversario del Banco Central. aSanto Domingo :bBanco Central de la República Dominicana,c2010. a23 p. :bil ;c27 cm.